First Names of England Women Legacy Players - Statistics

General Stats
  • This quiz has been taken 32 times
  • The average score is 54 of 131
Answer Stats
% Correct
2017- 209 Georgia Stanway
91%
2017- 204 Beth Mead
87%
2017- 216 Ella Toone
87%
2017- 223 Lauren James
87%
2017- 214 Lauren Hemp
87%
2017- 207 Lauren Bruton
87%
2017- 208 Lucy Staniforth
87%
2003-2017 181 Lucy Bronze
87%
2017- 212 Chloe Kelly
83%
2003-2017 198 Mary Earps
83%
1994-2003 114 Mary Phillip
83%
2017- 222 Hannah Hampton
78%
2017- 203 Hannah Blundell
78%
2003-2017 195 Rachel Daly
78%
2003-2017 171 Rachel Williams
78%
1994-2003 141 Rachel McArthur (Stowell)
78%
1994-2003 135 Rachel Unitt
78%
1994-2003 126 Rachel Yankey
78%
1994-2003 119 Rachel Brown (Brown-Finnis)
78%
2003-2017 184 Alex Greenwood
74%
2003-2017 155 Alex Scott
74%
1994-2003 107 Alex Cottier (Cottier-Small)
74%
2003-2017 186 Fran Kirby
74%
2017- 205 Leah Williamson
74%
2003-2017 174 Ellen White
70%
1994-2003 149 Ellen Maggs
70%
2017- 211 Ellie Roebuck
70%
2017- 225 Jess Park
70%
2017- 201 Jess Carter
70%
2003-2017 168 Jess Clarke
70%
2003-2017 158 Jo Fletcher
70%
2003-2017 193 Laura Coombs
70%
1994-2003 146 Laura Bassett
70%
2017- 229 Millie Turner
70%
2003-2017 197 Millie Bright
70%
2003-2017 164 Steph Houghton
70%
2017- 228 Grace Clinton
65%
2003-2017 161 Karen Bardsley
65%
2003-2017 160 Karen Carney
65%
1994-2003 103 Karen Farley (Livermore-Farley)
65%
2017- 213 Bethany England
61%
2017- 230 Jessica Naz
61%
2003-2017 180 Jordan Nobbs
61%
2017- 227 Katie Robinson
61%
2017- 221 Katie Zelem
61%
1994-2003 132 Katie Chapman
61%
2017- 215 Alessia Russo
57%
2003-2017 163 Jill Scott
57%
1994-2003 147 Kelly McDougall
57%
1994-2003 108 Kelly Smith
57%
2003-2017 189 Isobel Christiansen
52%
2003-2017 200 Keira Walsh
52%
2003-2017 196 Nikita Parris
52%
1994-2003 124 Sarah Reed (Coetzee)
52%
2003-2017 179 Toni Duggan
48%
2003-2017 175 Claire Rafferty
43%
1994-2003 130 Claire Utley
43%
1994-2003 112 Claire Lacey
43%
2003-2017 159 Emily Westwood
43%
2017- 226 Maya Le Tissier
43%
2017- 220 Niamh Charles
43%
2017- 231 Aggie Beever-Jones
39%
2003-2017 183 Demi Stokes
39%
2017- 224 Esme Morgan
39%
1994-2003 123 Kate Massey
39%
2003-2017 188 Amy Turner
35%
1994-2003 104 Becky Easton
35%
2003-2017 182 Gemma Bonner
35%
2003-2017 172 Gemma Davison
35%
2017- 217 Lotte Wubben-Moy
35%
2003-2017 152 Anita Asante
30%
2003-2017 165 Carly Telford
30%
1994-2003 139 Carly Hunt
30%
1994-2003 115 Clare Wheatley (Stevens)
30%
2003-2017 169 Dani Buet (Bowman)
30%
2003-2017 190 Danielle Carter
30%
1994-2003 127 Danielle Murphy
30%
2003-2017 154 Eniola Aluko
30%
1994-2003 140 Fara Williams
30%
1994-2003 117 Kim Jerray-Silver
30%
2003-2017 176 Sophie Bradley (Bradley-Auckland)
30%
1994-2003 113 Vicky Exley
30%
2017- 202 Abbie McManus
26%
1994-2003 134 Casey Stoney
26%
2003-2017 191 Gilly Flaherty
26%
2003-2017 178 Jade Moore
26%
2003-2017 162 Lianne Sanderson
26%
2003-2017 167 Michelle Hickmott
26%
2017- 219 Ebony Salmon
22%
1994-2003 120 Faye White
22%
2003-2017 187 Jodie Taylor
22%
1994-2003 144 Jody Handley
22%
1994-2003 102 Julie Fletcher
22%
2017- 218 Sandy MacIver
22%
2003-2017 157 Siobhan Chamberlain
22%
1994-2003 118 Sue Smith
22%
1994-2003 150 Alexa Hunn (Hunn-Phillips)
17%
1994-2003 138 Amanda Barr
17%
1994-2003 131 Angela Banks (Taylor-Banks)
17%
1994-2003 129 Melanie Garside (Garside-Wight)
17%
2003-2017 192 Drew Spence
13%
2017- 206 Gabrielle George
13%
1994-2003 145 Leanne Champ
13%
1994-2003 133 Leanne Hall
13%
2003-2017 153 Lindsay Johnson
13%
2003-2017 185 Lizzie Durack
13%
2003-2017 173 Natasha Dowie
13%
1994-2003 122 Natasha Daly
13%
1994-2003 125 Tina Lindsay
13%
2003-2017 177 Fern Whelan
9%
2003-2017 194 Jemma Rose
9%
2003-2017 166 Kay Hawke
9%
2003-2017 199 Melissa Lawley
9%
1994-2003 110 Tara Proctor
9%
1994-2003 137 Aran Embleton
4%
2003-2017 151 Corinne Yorston
4%
2003-2017 170 Dunia Susi
4%
1994-2003 116 Kelley Few
4%
1994-2003 136 Layla Young
4%
1994-2003 109 Maureen Marley
4%
1994-2003 106 Pauline Cope (Boanas)
4%
1994-2003 148 Carmaine Walker
0%
1994-2003 105 Chantel Woodhead
0%
2017- 210 Chioma Ubagagu
0%
1994-2003 101 Donna Smith
0%
2003-2017 156 Josanne Potter
0%
1994-2003 128 Justine Lorton
0%
1994-2003 143 Kristy Moore
0%
1994-2003 111 Marie-Anne Catterall
0%
1994-2003 121 Pru Buckley
0%
1994-2003 142 Una Nwajei
0%
No matching quizzes found
Score Distribution
Percent of People with Each Score
Percentile by Number Answered
Your Score History
You have not taken this quiz